<?xml version="1.0" encoding="UTF-8"?>
<collection xmlns="http://www.loc.gov/MARC21/slim">
 <record>
  <leader>00723nam a22001577a 4500</leader>
  <controlfield tag="001">NCT_54730</controlfield>
  <controlfield tag="008">181030b        xxu||||| |||| 00| 0 vie d</controlfield>
  <datafield tag="999" ind1=" " ind2=" ">
   <subfield code="c">2630</subfield>
   <subfield code="d">2630</subfield>
  </datafield>
  <datafield tag="082" ind1="0" ind2="4">
   <subfield code="2">23rd ed.</subfield>
   <subfield code="a">895</subfield>
   <subfield code="b">T105M</subfield>
  </datafield>
  <datafield tag="245" ind1="0" ind2="0">
   <subfield code="a">Tản mạn một vùng quê :</subfield>
   <subfield code="b">Tập truyện và ký (Giải sáng tác văn học thể loại truyện và ký tập chí Thất Sơn và báo An Giang 1999)</subfield>
  </datafield>
  <datafield tag="260" ind1=" " ind2=" ">
   <subfield code="a">[S.l]</subfield>
   <subfield code="b">Văn nghệ An Giang</subfield>
   <subfield code="c">2000</subfield>
  </datafield>
  <datafield tag="300" ind1=" " ind2=" ">
   <subfield code="a">163 tr.</subfield>
   <subfield code="c">19cm</subfield>
  </datafield>
  <datafield tag="653" ind1=" " ind2=" ">
   <subfield code="a">Tham khảo</subfield>
  </datafield>
  <datafield tag="942" ind1=" " ind2=" ">
   <subfield code="2">ddc</subfield>
   <subfield code="c">BK</subfield>
  </datafield>
  <datafield tag="952" ind1=" " ind2=" ">
   <subfield code="0">0</subfield>
   <subfield code="1">0</subfield>
   <subfield code="2">ddc</subfield>
   <subfield code="4">0</subfield>
   <subfield code="6">895_000000000000000_T105M</subfield>
   <subfield code="7">0</subfield>
   <subfield code="9">14796</subfield>
   <subfield code="a">000001</subfield>
   <subfield code="b">000001</subfield>
   <subfield code="d">2018-10-30</subfield>
   <subfield code="o">895 T105M</subfield>
   <subfield code="p">TK.01188</subfield>
   <subfield code="r">2018-10-30</subfield>
   <subfield code="w">2018-10-30</subfield>
   <subfield code="y">BK</subfield>
  </datafield>
  <datafield tag="980" ind1=" " ind2=" ">
   <subfield code="a">Thư viện Trường Đại học Nam Cần Thơ</subfield>
  </datafield>
 </record>
</collection>
